00505nam a2200181 a 4500001000800000005001700008008004100025010001700066020001500083040001300098041000800111080001800119082002200137100000900159101000800168245008100176504006600257490954620180110074850.0941101s1995 iaua b 001 0 eng  a 94073272  a0840393822 aDLCcDLC aeng a428.40712 JOH00a428.40712 JOH2201 a46., aEDU10aContent area literacy :cJohn E. Readence, Thomas W. Bean, R. Scott Baldwin. aIncludes bibliographical references (p. [255]-270) and index.